[Event "Levice op"]
[Site "Levice"]
[Date "2018.08.03"]
[Round "2"]
[White "Nadzamova, Rebeka"]
[Black "Caban, Erik"]
[Result "1/2-1/2"]
[WhiteElo "1714"]
[BlackElo "1457"]
[PlyCount "27"]
[EventDate "2018.08.02"]
[EventType "swiss"]
[EventRounds "7"]
[EventCountry "SVK"]
[SourceTitle "CBM 185 Extra"]
[Source "ChessBase"]
[SourceDate "2018.07.29"]
[SourceVersion "1"]
[SourceVersionDate "2018.07.29"]
[SourceQuality "1"]

1. e4 e6 2. d4 d5 3. exd5 exd5 4. Nc3 c6 5. Bf4 Bf5 6. Qd2 Nf6 7. Nf3 Bb4 8. h3 Nbd7 9. a3 Qa5 10. 0-0-0 Bxc3 11. Qxc3 Qxc3 12. bxc3 Ne4 13. Re1 0-0-0 14. Bd3 1/2-1/2